Vật lý linh kiện và sensor bán dẫn

Spremljeno u:
Bibliografski detalji
Glavni autor: Phạm, Văn Nho
Format: Knjiga
Jezik:Undetermined
Izdano: Hà Nội Đại học Quốc gia 2004
Teme:
Oznake: Dodaj oznaku
Bez oznaka, Budi prvi tko označuje ovaj zapis!
Thư viện lưu trữ: Trung tâm Học liệu Trường Đại học Cần Thơ
LEADER 00538nam a2200193Ia 4500
001 CTU_74421
008 210402s9999 xx 000 0 und d
020 |c 21200 
082 |a 621.38152 
082 |b Nh400 
100 |a Phạm, Văn Nho 
245 0 |a Vật lý linh kiện và sensor bán dẫn 
245 0 |c Phạm Văn Nho 
260 |a Hà Nội 
260 |b Đại học Quốc gia 
260 |c 2004 
650 |a Semiconductors 
904 |i Mai Loan 
980 |a Trung tâm Học liệu Trường Đại học Cần Thơ